Easy english through Tamil / (Record no. 143325)

MARC details
000 -LEADER
fixed length control field 00525nam a22001817a 4500
010 ## - LCCN (DPL NO)
LC control number ENG-119575 ENG-137024
020 ## - INTERNATIONAL STANDARD BOOK NUMBER
Terms of availability 340.00
035 ## - SYSTEM CONTROL NUMBER
System control number EN-103107
035 ## - SYSTEM CONTROL NUMBER
System control number EN-120556
037 ## - SOURCE OF ACQUISITION
Source of stock number/acquisition DBAD/PUB
082 ## - DEWEY DECIMAL CLASSIFICATION NUMBER
Classification number 428
100 ## - MAIN ENTRY--PERSONAL NAME
Personal name Das, Paul
245 ## - TITLE STATEMENT
Title Easy english through Tamil /
Statement of responsibility, etc by Paul Das
260 ## - PUBLICATION, DISTRIBUTION, ETC. (IMPRINT)
Place of publication, distribution, etc Thiruvananthapuram
Name of publisher, distributor, etc Addone Publishing Group
Date of publication, distribution, etc 2013
270 ## - ADDRESS
Address Near Mathrubhumi Buildings
City Thiruvananthapuram
Postal code 695035
300 ## - PHYSICAL DESCRIPTION
Extent 455p.
Dimensions 24cm(Hb)
942 ## - ADDED ENTRY ELEMENTS (KOHA)
Source of classification or shelving scheme Dewey Decimal Classification
Item type English Books
Classification part 428
Call number suffix DAS
Holdings
Withdrawn status Lost status Not for loan Collection code Home library Current library Date acquired Source of acquisition Cost, normal purchase price Full call number Barcode Copy number Cost, replacement price Koha item type
      Non-fiction Ashok Vihar Ashok Vihar 24/05/2023 DBAD/PUB 340.00 428 DAS EN-120556 1 340.00 English Books
    Not For Loan Non-fiction D.B.Act.Division D.B.Act.Division 14/08/2017 DBAD/PUB 340.00 428 DAS EN-103107 1 340.00 English Books

© Delhi Public Library
Hit Counter
free hit counter